Figura / (Registro nro. 52565)
[ vista simple ]
| 000 -LEADER | |
|---|---|
| campo de control de longitud fija | 03539nam a2200457 i 4500 |
| 001 - NÚMERO DE CONTROL | |
| campo de control | 52565 |
| 003 - IDENTIFICADOR DE NÚMERO DE CONTROL | |
| campo de control | FlNmELB |
| 005 - FECHA Y HORA DE LA ÚLTIMA TRANSACCIÓN | |
| campo de control | 20241216232413.0 |
| 006 - CÓDIGOS DE INFORMACIÓN DE LONGITUD FIJA--CARACTERÍSTICAS DEL MATERIAL ADICIONAL | |
| campo de control de longitud fija | m o d | |
| 007 - CAMPO FIJO DE DESCRIPCIÓN FÍSICA--INFORMACIÓN GENERAL | |
| campo de control de longitud fija | cr cnu|||||||| |
| 008 - DATOS DE LONGITUD FIJA--INFORMACIÓN GENERAL | |
| campo de control de longitud fija | 210421s2007 sp a o 000 0 spa d |
| 020 ## - NÚMERO INTERNACIONAL ESTÁNDAR DEL LIBRO | |
| Número Internacional Estándar del Libro | 9788434214965 |
| Información calificativa | (e-book) |
| 035 ## - NÚMERO DE CONTROL DEL SISTEMA | |
| Número de control de sistema | (OCoLC)1252202659 |
| 040 ## - FUENTE DE CATALOGACIÓN | |
| Centro catalogador/agencia de origen | FINmELB |
| Lengua de catalogación | spa |
| Normas de descripción | rda |
| Centro/agencia transcriptor | FINmELB |
| 050 #4 - SIGNATURA TOPOGRÁFICA DE LA BIBLIOTECA DEL CONGRESO | |
| Número de clasificación | NC760 |
| Número de ítem | .S266 2007 |
| 080 ## - NÚMERO DE LA CLASIFICACIÓN DECIMAL UNIVERSAL | |
| Número de la Clasificación Decimal Universal | 743 |
| 082 04 - NÚMERO DE LA CLASIFICACIÓN DECIMAL DEWEY | |
| Número de clasificación | 743.49 |
| Información de edición | 23 |
| 100 1# - ENTRADA PRINCIPAL--NOMBRE DE PERSONA | |
| Nombre de persona | Sanmiguel, David, |
| Término indicativo de función/relación | autor. |
| 245 10 - MENCIÓN DEL TÍTULO | |
| Título | Figura / |
| Mención de responsabilidad, etc. | textos y coordinación, David Sanmiguel. |
| 250 ## - MENCION DE EDICION | |
| Mención de edición | Segunda edición. |
| 264 #1 - PRODUCCIÓN, PUBLICACIÓN, DISTRIBUCIÓN, FABRICACIÓN Y COPYRIGHT | |
| Producción, publicación, distribución, fabricación y copyright | Barcelona : |
| Nombre del de productor, editor, distribuidor, fabricante | Parramón, |
| Fecha de producción, publicación, distribución, fabricación o copyright | 2007. |
| 300 ## - DESCRIPCIÓN FÍSICA | |
| Extensión | 1 recurso en línea (96 páginas) : |
| Otras características físicas | ilustraciones (principalmente a color) |
| 336 ## - TIPO DE CONTENIDO | |
| Término de tipo de contenido | texto |
| Código de tipo de contenido | txt |
| Fuente | rdacontent/spa |
| 337 ## - TIPO DE MEDIO | |
| Nombre/término del tipo de medio | computadora |
| Código del tipo de medio | c |
| Fuente | rdamedia/spa |
| 338 ## - TIPO DE SOPORTE | |
| Nombre/término del tipo de soporte | recurso en línea |
| Código del tipo de soporte | cr |
| Fuente | rdacarrier/spa |
| 490 1# - MENCIÓN DE SERIE | |
| Mención de serie | El rincón del pintor |
| 505 0# - NOTA DE CONTENIDO CON FORMATO | |
| Nota de contenido con formato | - La figura humana en el arte Figura humana y cuerpo humano La importancia del desnudo La figura como símbolo La figura como retrato La figura como personaje El mundo imaginario Caricatura y sátira La figura como forma - Estudios sobre la figura humana Las proporciones humanas Relaciones entre las dimensiones del cuerpo Anatomía básica: el esqueleto Distribución de los huesos Anatomía básica: la musculatura El dibujo del tronco El dibujo de las piernas y los brazos El dibujo de las manos Proporciones El pulgar Los pies Vistas frontal y lateral La cabeza Proporciones de la cabeza Divisiones y referencias Desarrollo de la figura La representación del volumen El movimiento de la figura: la marcha El dibujo de la figura en movimiento La carrera La secuencia de movimientos Figuras en movimiento El escorzo - Procedimientos para dibujar y pintar la figura El lápiz Jugar con intensidades Los apuntes a lápiz Luces y sombras Un retrato a lápiz La tinta Valores gráficos Apuntes a tinta Combinaciones con tinta Una figura multicolor Cretas y pasteles El color del soporte Desnudo masculino al pastel La acuarela y las técnicas húmedas Proceso de la acuarela Apuntes a la acuarela Dibujo a pincel Espalda femenina a la acuarela La pintura al óleo El claroscuro Obras de factura rápida - La pintura de figures en la práctica Estudios de movimiento con lápices de colores El equilibrio dinámico Movimientos rítmicos Figura con rotuladores Dibujo y color en una figura a la acuarela La figura en la acuarela clásica Figura acostada Figura al óleo en claroscuro. |
| 520 ## - RESUMEN, ETC. | |
| Sumario, etc. | La representación de la figura humana abarca muchas disciplinas: la anatomía, la proporción, el movimiento, el retrato . . . En esta colección ya han aparecido títulos que tratan en profundidad algunos de estos aspectos parciales. Esta obra viene a completar el estudio de la figura humana dando respuesta a las cuestiones que se plantean al comenzar su representación. Todas las explicaciones van acompañadas de ejemplos prácticos y ejercicios que convierten este libro en una útil herramienta de trabajo. |
| 650 #0 - PUNTO DE ACCESO ADICIONAL DE MATERIA--TÉRMINO DE MATERIA | |
| Término de materia o nombre geográfico como elemento de entrada | Anatomy, Artistic. |
| 650 #0 - PUNTO DE ACCESO ADICIONAL DE MATERIA--TÉRMINO DE MATERIA | |
| Término de materia o nombre geográfico como elemento de entrada | Human figure in art. |
| 650 #4 - PUNTO DE ACCESO ADICIONAL DE MATERIA--TÉRMINO DE MATERIA | |
| Término de materia o nombre geográfico como elemento de entrada | Anatomía artística. |
| 650 #4 - PUNTO DE ACCESO ADICIONAL DE MATERIA--TÉRMINO DE MATERIA | |
| Término de materia o nombre geográfico como elemento de entrada | Figura humana en el arte. |
| 650 #4 - PUNTO DE ACCESO ADICIONAL DE MATERIA--TÉRMINO DE MATERIA | |
| Término de materia o nombre geográfico como elemento de entrada | Dibujo |
| Subdivisión general | Técnica. |
| 655 #4 - TERMINO DE INDIZACIÓN--GENERO/FORMA | |
| Datos o término principal de género/forma | Libros electrónicos. |
| 797 2# - PUNTO DE ACCESO ADICIONAL LOCAL--NOMBRE DE ENTIDAD CORPORATIVA (RLIN) | |
| Nombre de entidad corporativa o nombre de jurisdicción como elemento de entrada | elibro, Corp. |
| 830 #0 - PUNTO DE ACCESO ADICIONAL DE SERIE-TÍTULO UNIFORME | |
| Título uniforme | El Rincón del pintor. |
| 856 40 - LOCALIZACIÓN Y ACCESO ELECTRÓNICOS | |
| Identificador Uniforme de Recurso | <a href="https://elibro.net/ereader/politecnicointernacional/119237">https://elibro.net/ereader/politecnicointernacional/119237</a> |
No hay ítems disponibles.